Sports Quiz

Random Sports or Tennis Quiz

US Open Champions (Tennis) Quiz Stats

 Plays Quiz not verified by Sporcle

Score 0/86 Timer 08:00
0 Plays Today
% Correct
Roger Federer
97.4%
Roger Federer
97.4%
Roger Federer
97.4%
Roger Federer
97.4%
Roger Federer
97.4%
Rafael Nadal
97%
Pete Sampras
94.7%
Pete Sampras
94.7%
Pete Sampras
94.7%
Pete Sampras
94.7%
Pete Sampras
94.7%
Serena Williams
93.4%
Serena Williams
93.4%
Serena Williams
93.4%
Venus Williams
93.2%
Venus Williams
93.2%
Andre Agassi
92%
Andre Agassi
92%
John McEnroe
91.1%
John McEnroe
91.1%
John McEnroe
91.1%
John McEnroe
91.1%
Jimmy Connors
89.3%
Jimmy Connors
89.3%
Jimmy Connors
89.3%
Jimmy Connors
89.3%
Jimmy Connors
89.3%
Steffi Graf
86.7%
Steffi Graf
86.7%
% Correct
Steffi Graf
86.7%
Steffi Graf
86.7%
Steffi Graf
86.7%
Martina Navratilova
86%
Martina Navratilova
86%
Martina Navratilova
86%
Martina Navratilova
86%
Chris Evert
84.3%
Chris Evert
84.3%
Chris Evert
84.3%
Chris Evert
84.3%
Chris Evert
84.3%
Chris Evert
84.3%
Ivan Lendl
83.1%
Ivan Lendl
83.1%
Ivan Lendl
83.1%
Boris Becker
81.6%
Monica Seles
80.8%
Monica Seles
80.8%
Arthur Ashe
79.5%
Rod Laver
79.3%
Billie Jean King
79%
Billie Jean King
79%
Justine Henin
78.7%
Justine Henin
78.7%
Stefan Edberg
78%
Stefan Edberg
78%
Nillie Jean King
77.5%
Andy Roddick
76%
% Correct
Martina Hingis
75.7%
Lleyton Hewitt
74.2%
Lindsay Davenport
73.8%
Kim Clijsters
73.5%
Kim Clijsters
73.5%
Kim Clijsters
73.5%
Margaret Court
72.2%
Margaret Court
72.2%
Margaret Court
72.2%
Mats Wilander
68.2%
Patrick Rafter
67.7%
Patrick Rafter
67.7%
Marat Safin
63.3%
Stan Smith
60.8%
John Newcombe
60.6%
Ilie Nastase
56.4%
Tracy Austin
54.1%
Tracy Austin
54.1%
Ken Rosewall
54%
Guillermo Vilas
53.7%
Virginia Wade
52.2%
Gabriella Sabatini
50.2%
Svetlana Kuznetsova
50.2%
Hana Mandlikova
48.6%
Juan Martin del Potro, del Potro
48.1%
Arantxa Sanchez Vicario
44.5%
Manuel Orantes
35.4%
Maria Sharipova
24.3%

You're not logged in!

Compare scores with friends on all Sporcle quizzes.
OR
Log In

Show Comments

Extras

Top Quizzes Today


Score Distribution

Your Account Isn't Verified!

In order to create a playlist on Sporcle, you need to verify the email address you used during registration. Go to your Sporcle Settings to finish the process.

Report this User

Report this user for behavior that violates our Community Guidelines.

Details: